LIBRARY & INFORMATION CENTRE, KCAET, TAVANUR

ONLINE PUBLIC ACCESS CATALOGUE (OPAC)

Bibliography on draught animal power / (Record no. 8870)

MARC details
000 -LEADER
fixed length control field 00470cam a2200169ua 4500
041 ## - LANGUAGE CODE
Language code of text/sound track or separate title eng
082 ## - DEWEY DECIMAL CLASSIFICATION NUMBER
Classification number 028.75011
Item number SRI/BI
100 ## - MAIN ENTRY--AUTHOR NAME
Personal name Srivastava, N.S.L .
245 00 - TITLE STATEMENT
Title Bibliography on draught animal power /
260 ## - PUBLICATION, DISTRIBUTION, ETC. (IMPRINT)
Place of publication Bhopal :
Name of publisher Central Institute of Agricultural Engineering ,
Year of publication 1987.
300 ## - PHYSICAL DESCRIPTION
Number of Pages 96 ; .
700 1# - ADDED ENTRY--PERSONAL NAME
Personal name Ganesan, S .
700 1# - ADDED ENTRY--PERSONAL NAME
Personal name Yadava, G.C .
942 ## - ADDED ENTRY ELEMENTS (KOHA)
Koha item type Books
Holdings
Withdrawn status Lost status Damaged status Home library Current library Date acquired Full call number Accession Number Koha item type
      KAUAET KAUAET 06/08/1990 028.75011 16709 Reference
free website counter